| 000 | 00494nam a2200205Ia 4500 | ||
|---|---|---|---|
| 003 | OSt | ||
| 005 | 20230425160031.0 | ||
| 008 | 210423s2008 xx 000 0 und d | ||
| 020 | _a8180547396 | ||
| 040 | _cAL | ||
| 041 | _aeng | ||
| 082 |
_a519.5 GUPS _223 |
||
| 100 |
_aGUPTA (S P). _985296 |
||
| 245 | _aStatistical methods. | ||
| 260 |
_aNew Delhi _bSultan Chand & Sons _c2008 |
||
| 300 |
_axx,1425 _bPB |
||
| 365 |
_b415 _cINR |
||
| 906 | _amethods ; Statistical | ||
| 942 |
_2ddc _cBK |
||
| 999 |
_c159052 _d159052 |
||